01033nam a2200313 u 450000100070000000500170000700800410002403500110006503500210007604000130009704100080011008000070011810000340012524501320015926000520029130000560034365000220039965000220042165000140044365000230045765000150048065000210049565000390051665000310055565000310058665000270061770000340064470000410067864596020260506090327.0010213s2000 spa  a645960 a(OCoLC)777791065 ccomduadb aspa aSF10aVillamil, Carlos M.4auteaut10aSistemas de tratamiento para los residuos de la industria porcicola : una forma facil de entender y aplicar criterios de diseno aSantafé de Bogotá :bArtes Graficas,c2000. a120p. : il. + 1 disquete (hoja de calculo Porctrat) aResiduos animales aIndustria porcina aEstiercol aManejo de residuos aPorquinaza aManejo ambiental aLegislación ambiental - Colombia aContaminación orgánica aContaminación por olores aDigestores de biogás10aDuque G., Carlos O.4auteaut10aCaicedo Mesa, Luis Alfonso4auteaut